<?xml version="1.0" encoding="UTF-8"?><?xml-stylesheet type="text/xsl" href="static/style.xsl"?><OAI-PMH xmlns="http://www.openarchives.org/OAI/2.0/" xmlns:xsi="http://www.w3.org/2001/XMLSchema-instance" xsi:schemaLocation="http://www.openarchives.org/OAI/2.0/ http://www.openarchives.org/OAI/2.0/OAI-PMH.xsd"><responseDate>2026-04-17T18:52:51Z</responseDate><request verb="GetRecord" identifier="oai:riubu.ubu.es:10259/9073" metadataPrefix="marc">https://riubu.ubu.es/oai/request</request><GetRecord><record><header><identifier>oai:riubu.ubu.es:10259/9073</identifier><datestamp>2024-05-10T11:51:09Z</datestamp><setSpec>com_10259_8878</setSpec><setSpec>com_10259_5086</setSpec><setSpec>com_10259_2604</setSpec><setSpec>com_10259_4846</setSpec><setSpec>com_10259_4145</setSpec><setSpec>com_10259_7354</setSpec><setSpec>com_10259_7353</setSpec><setSpec>col_10259_9075</setSpec><setSpec>col_10259_7145</setSpec><setSpec>col_10259_7319</setSpec><setSpec>col_10259_7390</setSpec></header><metadata><record xmlns="http://www.loc.gov/MARC21/slim" xmlns:doc="http://www.lyncode.com/xoai" xmlns:xsi="http://www.w3.org/2001/XMLSchema-instance" xmlns:dcterms="http://purl.org/dc/terms/" xsi:schemaLocation="http://www.loc.gov/MARC21/slim http://www.loc.gov/standards/marcxml/schema/MARC21slim.xsd">
<leader>00925njm 22002777a 4500</leader>
<datafield tag="042" ind1=" " ind2=" ">
<subfield code="a">dc</subfield>
</datafield>
<datafield tag="720" ind1=" " ind2=" ">
<subfield code="a">Ortiz Revilla, Jairo</subfield>
<subfield code="e">author</subfield>
</datafield>
<datafield tag="720" ind1=" " ind2=" ">
<subfield code="a">Carcedo de Andrés, Bruno P.</subfield>
<subfield code="e">author</subfield>
</datafield>
<datafield tag="720" ind1=" " ind2=" ">
<subfield code="a">Verde Romera, Ana María</subfield>
<subfield code="e">author</subfield>
</datafield>
<datafield tag="720" ind1=" " ind2=" ">
<subfield code="a">Alonso Abad, Mª Pilar</subfield>
<subfield code="e">author</subfield>
</datafield>
<datafield tag="720" ind1=" " ind2=" ">
<subfield code="a">Barriuso Revilla, Rodrigo</subfield>
<subfield code="e">author</subfield>
</datafield>
<datafield tag="260" ind1=" " ind2=" ">
<subfield code="c">2024-03</subfield>
</datafield>
<datafield tag="520" ind1=" " ind2=" ">
<subfield code="a">Este material se ha desarrollado dentro del proyecto Prototipos Curriculares Integrados e Inclusivos e incluye guías para profesores, cuadernos de actividades para estudiantes, y un curso de formación en línea para el personal docente y familias. Su objetivo es contribuir a la enseñanza en educación primaria, promoviendo el desarrollo competencial integral del alumnado a través de proyectos que aborden temas de sostenibilidad utilizando el currículo español de manera integrada. El material, que ha sido desarrollado y evaluado en contextos reales, está pensado para ser usado de forma flexible, con actividades y pautas variadas para que cada docente lo adapte a sus necesidades, de acuerdo con el nivel educativo y las características de su clase.</subfield>
</datafield>
<datafield tag="024" ind2=" " ind1="8">
<subfield code="a">978-84-18465-69-7</subfield>
</datafield>
<datafield tag="024" ind2=" " ind1="8">
<subfield code="a">978-84-18465-70-3</subfield>
</datafield>
<datafield tag="024" ind2=" " ind1="8">
<subfield code="a">978-84-18465-71-0</subfield>
</datafield>
<datafield tag="024" ind2=" " ind1="8">
<subfield code="a">978-84-18465-72-7</subfield>
</datafield>
<datafield tag="024" ind2=" " ind1="8">
<subfield code="a">http://hdl.handle.net/10259/9073</subfield>
</datafield>
<datafield tag="024" ind2=" " ind1="8">
<subfield code="a">10.36443/9788418465697</subfield>
</datafield>
<datafield tag="024" ind2=" " ind1="8">
<subfield code="a">10.36443/9788418465703</subfield>
</datafield>
<datafield tag="024" ind2=" " ind1="8">
<subfield code="a">10.36443/9788418465710</subfield>
</datafield>
<datafield tag="024" ind2=" " ind1="8">
<subfield code="a">10.36443/9788418465727</subfield>
</datafield>
<datafield ind1=" " ind2=" " tag="653">
<subfield code="a">Educación primaria</subfield>
</datafield>
<datafield ind1=" " ind2=" " tag="653">
<subfield code="a">Situaciones de aprendizaje</subfield>
</datafield>
<datafield ind1=" " ind2=" " tag="653">
<subfield code="a">STEAM</subfield>
</datafield>
<datafield ind1=" " ind2=" " tag="653">
<subfield code="a">Sostenibilidad alimentaria</subfield>
</datafield>
<datafield ind1=" " ind2=" " tag="653">
<subfield code="a">Residuos</subfield>
</datafield>
<datafield ind1=" " ind2=" " tag="653">
<subfield code="a">Alimentación</subfield>
</datafield>
<datafield ind1=" " ind2=" " tag="653">
<subfield code="a">Salud</subfield>
</datafield>
<datafield ind1=" " ind2=" " tag="653">
<subfield code="a">Economía circular</subfield>
</datafield>
<datafield tag="245" ind1="0" ind2="0">
<subfield code="a">Mucho más que residuos</subfield>
</datafield>
</record></metadata></record></GetRecord></OAI-PMH>